Presidents by Official White House Portrait - Statistics

General Stats
  • This quiz has been taken 1,420 times
  • The average score is 25 of 38
Answer Stats
Picture Answer % Correct
John F. Kennedy
98%
Richard Nixon
96%
George Washington
93%
Abraham Lincoln
92%
Lyndon B. Johnson
89%
Dwight Eisenhower
87%
Jimmy Carter
87%
Thomas Jefferson
85%
Theodore Roosevelt
84%
Harry Truman
83%
John Adams
80%
Franklin Roosevelt
77%
Woodrow Wilson
77%
Andrew Jackson
74%
William Howard Taft
74%
Ulysses S. Grant
70%
James Madison
68%
Martin Van Buren
68%
John Quincy Adams
60%
William Henry Harrison
58%
Calvin Coolidge
57%
Zachary Taylor
57%
Herbert Hoover
56%
James Monroe
56%
Franklin Pierce
55%
Warren Harding
52%
Benjamin Harrison
50%
Millard Fillmore
50%
James K. Polk
49%
John Tyler
49%
Chester Arthur
48%
James Buchanan
48%
Grover Cleveland
47%
James Garfield
46%
Rutherford Hayes
46%
William McKinley
46%
Grover Cleveland
44%
Andrew Johnson
43%
No matching quizzes found
Score Distribution
Percent of People with Each Score
Percentile by Number Answered
Your Score History
You have not taken this quiz